[Event "Ct. Catalunya Veterans"]
[Site "?"]
[Date "2011.05.20"]
[Round "8"]
[White "Navarro Alvarez, A."]
[Black "Nicolau Serrato, M."]
[Result "0-1"]
[WhiteElo "2049"]
[BlackElo "1905"]
[PlyCount "66"]
[EventDate "2011.??.??"]
[EventType "swiss"]

1. d4 d5 2. c4 c6 3. Nc3 Nf6 4. Nf3 a6 5. e3 Bf5 6. c5 e6 7. Ne5 Nbd7 8. f4
Nxe5 9. fxe5 Ne4 10. Nxe4 Bxe4 11. Qg4 g6 12. Be2 h5 13. Qg3 Be7 14. O-O Bh4
15. Qf4 Rh7 16. Bd2 Bg5 17. Qf2 Bh4 18. g3 Bg5 19. Bf3 h4 20. g4 h3 21. Bxe4
dxe4 22. Qe2 Qc7 23. Be1 O-O-O 24. Bg3 Bh4 25. Bxh4 Rxh4 26. Rf4 Rf8 27. Raf1
Rh7 28. Rxe4 f5 29. Qd3 Rg7 30. b4 Qd7 31. a4 Qd5 32. Qc2 Rh7 33. Ref4 {
irreproproduible} Rg7 0-1

[Event "Ct. Catalunya Veterans"]
[Site "?"]
[Date "2011.05.20"]
[Round "8"]
[White "Tejero Royo, F."]
[Black "Franquet Escriva, J."]
[Result "1-0"]
[WhiteElo "2101"]
[BlackElo "2109"]
[PlyCount "81"]
[EventDate "2011.??.??"]
[EventType "swiss"]

1. d4 Nf6 2. c4 e6 3. Nc3 d5 4. Nf3 Be7 5. g3 c6 6. Bg2 Nbd7 7. Nd2 O-O 8. O-O
Re8 9. e4 dxe4 10. Ndxe4 Nxe4 11. Nxe4 Nf6 12. Nc3 Qa5 13. Qe2 Bd7 14. Bf4 Rad8
15. Rfd1 Bc8 16. a3 Bd6 17. Be5 Bxe5 18. dxe5 Nd7 19. f4 Qc5+ 20. Kh1 Nb6 21.
Bf1 Qe7 22. Ne4 Rxd1 23. Rxd1 Bd7 24. Nd6 Rb8 25. Qe3 f6 26. a4 fxe5 27. fxe5
c5 28. a5 Bc6+ 29. Bg2 Bxg2+ 30. Kxg2 Nd7 31. Rf1 Rf8 32. Rxf8+ Qxf8 33. Nxb7
Qb8 34. a6 Qc7 35. b3 Qc6+ 36. Qf3 Qxf3+ 37. Kxf3 Nxe5+ 38. Ke4 Nd7 39. Nd8 Nb8
40. Nxe6 Nxa6 41. Kd5 1-0

[Event "Ct. Catalunya Veterans"]
[Site "?"]
[Date "2011.05.21"]
[Round "9"]
[White "Batalla Batalla, J."]
[Black "Bayarri Ponsa, E."]
[Result "0-1"]
[WhiteElo "2111"]
[BlackElo "1905"]
[PlyCount "66"]
[EventDate "2011.??.??"]
[EventType "swiss"]

1. e4 g6 2. d4 Bg7 3. c3 d6 4. f4 c6 5. Nf3 Bg4 6. h3 Bc8 7. Be3 Qc7 8. Bd3 Nd7
9. O-O c5 10. Nbd2 Rb8 11. Qe2 Ngf6 12. g4 O-O 13. f5 b5 14. Bxb5 Qb7 15. Bd3
Qxb2 16. c4 Bb7 17. Rab1 Qa3 18. e5 Bxf3 19. Nxf3 Rxb1 20. Rxb1 Ne8 21. Rb7
cxd4 22. Rxd7 dxe3 23. Qxe3 Qa4 24. Rxa7 Qd1+ 25. Bf1 dxe5 26. Nxe5 Bh6 27. Qc3
Bd2 28. Qd3 Qe1 29. Rxe7 Be3+ 30. Kh2 Bc5 31. f6 Nxf6 32. Rxf7 Rxf7 33. Nxf7
Qf2+ 0-1

[Event "Ct. Catalunya Veterans"]
[Site "?"]
[Date "2011.05.21"]
[Round "9"]
[White "Buxade Roca, G."]
[Black "Marchador Villalba, J."]
[Result "1-0"]
[WhiteElo "2173"]
[BlackElo "2109"]
[PlyCount "93"]
[EventDate "2011.??.??"]
[EventType "swiss"]

1. Nf3 Nf6 2. b3 e6 3. Bb2 d5 4. e3 Be7 5. c4 c6 6. Be2 a5 7. Nc3 O-O 8. O-O
Nbd7 9. d4 b6 10. Rc1 Ba6 11. Re1 Qb8 12. a4 Bb4 13. Nd2 Rd8 14. Qc2 Rc8 15. e4
dxe4 16. Ndxe4 b5 17. Red1 bxc4 18. bxc4 Be7 19. Bd3 h6 20. Ne2 Nxe4 21. Bxe4
Bxc4 22. Qxc4 Qxb2 23. Rb1 Qa3 24. Rb7 Qd6 25. Rdb1 Nf6 26. Bc2 Nd5 27. Qd3 g6
28. Qf3 Rcb8 29. h4 Nb4 30. Rxb8+ Rxb8 31. Be4 f5 32. Bd3 Bxh4 33. Qe3 Kg7 34.
Bc4 Nd5 35. Qc1 Rb4 36. Bb3 Bf6 37. Qd1 g5 38. g3 f4 39. Qd3 fxg3 40. fxg3 Ne7
41. Bc2 Rxb1+ 42. Bxb1 Kf7 43. Kh2 Nf5 44. Kh3 h5 45. Ba2 Kg7 46. Qb3 Qd5 47.
Qb7+ 1-0

[Event "Ct. Catalunya Veterans"]
[Site "?"]
[Date "2011.05.21"]
[Round "9"]
[White "Franquet Escriva, J."]
[Black "Duch Mansion, J."]
[Result "1/2-1/2"]
[WhiteElo "2109"]
[BlackElo "1946"]
[PlyCount "35"]
[EventDate "2011.??.??"]
[EventType "swiss"]

1. e4 c5 2. Nf3 d6 3. Bb5+ Bd7 4. Bxd7+ Nxd7 5. O-O Ngf6 6. Re1 e6 7. c3 Be7 8.
d4 O-O 9. Nbd2 Re8 10. Nf1 Nf8 11. Ng3 Qc7 12. d5 N6d7 13. dxe6 fxe6 14. Bg5
Bxg5 15. Nxg5 h6 16. Nf3 Rad8 17. c4 Ng6 18. Qc2 1/2-1/2

[Event "Ct. Catalunya Veterans"]
[Site "?"]
[Date "2011.05.21"]
[Round "9"]
[White "Grau Brumos, I."]
[Black "Duran Vallverdu, J."]
[Result "1-0"]
[WhiteElo "2149"]
[BlackElo "1984"]
[PlyCount "77"]
[EventDate "2011.??.??"]
[EventType "swiss"]

1. d4 Nf6 2. Nf3 d5 3. g3 g6 4. Bg2 Bg7 5. c4 c6 6. O-O O-O 7. Nc3 Nbd7 8. b3
Re8 9. Bb2 dxc4 10. bxc4 Nb6 11. Qd3 Be6 12. Nd2 Qd7 13. e4 Ng4 14. d5 cxd5 15.
cxd5 Ne5 16. Qe2 Bh3 17. Rfc1 Bxg2 18. Kxg2 Rac8 19. Rab1 Nec4 20. Nxc4 Rxc4
21. Nd1 Rec8 22. Rxc4 Rxc4 23. Bxg7 Qa4 24. Qb2 Rc2 25. Qd4 Qxa2 26. Bh6 f6 27.
Qb4 Kf7 28. Be3 Nc4 29. Bd4 Rd2 30. Nc3 Qa6 31. Nb5 Qa2 32. Nc3 Qa6 33. Bc5 b6
34. Nb5 Qa2 35. Bd4 Qc2 36. Re1 Ne5 37. Qc3 Nd3 38. Rf1 Qa2 39. Be3 1-0

[Event "Ct. Catalunya Veterans"]
[Site "?"]
[Date "2011.05.21"]
[Round "9"]
[White "Monedero Gonzalez, J."]
[Black "Tejero Royo, F."]
[Result "1-0"]
[WhiteElo "2091"]
[BlackElo "2101"]
[PlyCount "67"]
[EventDate "2011.??.??"]
[EventType "swiss"]

1. d4 d5 2. Nf3 Nf6 3. e3 e6 4. Nbd2 Be7 5. Bd3 O-O 6. O-O b6 7. Qe2 Bb7 8. e4
dxe4 9. Nxe4 Nxe4 10. Bxe4 Bxe4 11. Qxe4 Nd7 12. Qc6 Rc8 13. c3 Nb8 14. Qe4 c5
15. Be3 cxd4 16. Bxd4 Nc6 17. Rad1 Nxd4 18. Rxd4 Qc7 19. Rfd1 Bf6 20. Rd7 Rfd8
21. Rxd8+ Rxd8 22. Rxd8+ Qxd8 23. g3 g6 24. Kg2 Kg7 25. Qc2 a5 26. a4 Qd6 27.
Qe4 Qd1 28. Qb7 Qb3 29. Nd2 Qxb2 30. Ne4 Qb3 31. Nd6 Qxc3 32. Qxf7+ Kh6 33.
Qxe6 Bd4 34. Qh3+ 1-0

[Event "Ct. Catalunya Veterans"]
[Site "?"]
[Date "2011.05.21"]
[Round "9"]
[White "Montell Zabay, A."]
[Black "Mas Recorda, P."]
[Result "0-1"]
[WhiteElo "2074"]
[BlackElo "2074"]
[PlyCount "50"]
[EventDate "2011.??.??"]
[EventType "swiss"]

1. e4 e6 2. d4 d5 3. Nc3 dxe4 4. Nxe4 Nd7 5. Nf3 Ngf6 6. Bg5 Be7 7. Bxf6 Nxf6
8. Nxf6+ Bxf6 9. Bd3 O-O 10. h4 c5 11. Bxh7+ Kxh7 12. Ng5+ Kh6 13. Qd3 g6 14.
h5 Bxg5 15. hxg6+ Kg7 16. Rh7+ Kf6 17. f4 Bxf4 18. c3 Qd5 19. Kf2 Qf5 20. Qe2
Qxg6 21. Rh3 Rd8 22. Kg1 Ke7 23. Rf1 Bd6 24. Rhf3 Rd7 25. Rf6 Qxf6 0-1

[Event "Ct. Catalunya Veterans"]
[Site "?"]
[Date "2011.05.21"]
[Round "9"]
[White "Nicolau Serrato, M."]
[Black "Anguera Maestro, J."]
[Result "0-1"]
[WhiteElo "1905"]
[BlackElo "2148"]
[PlyCount "90"]
[EventDate "2011.??.??"]
[EventType "swiss"]

1. e4 e5 2. Nf3 Nc6 3. Bb5 a6 4. Bxc6 bxc6 5. O-O d6 6. d4 Qe7 7. Bg5 f6 8. Be3
Be6 9. Nc3 g6 10. Qd2 Bg7 11. Ne1 Bc4 12. Nd3 exd4 13. Bxd4 Nh6 14. b3 Be6 15.
Rae1 O-O 16. h3 Rae8 17. f4 Qd7 18. Rf3 c5 19. Be3 f5 20. e5 Nf7 21. Qf2 c4 22.
bxc4 Bxc4 23. Rd1 Qe6 24. Ne2 Bxd3 25. Rxd3 dxe5 26. Rb3 e4 27. Rg3 Rd8 28. Nd4
Qc4 29. c3 c5 30. Nc6 Rd1+ 31. Kh2 Qe6 32. Qe2 Rd3 33. Na5 Rc8 34. Nb7 Bf8 35.
Bxc5 Rxg3 36. Bxf8 Rgxc3 37. Ba3 Rxb3 38. axb3 Qb6 39. Nc5 Rxc5 40. Bxc5 Qxc5
41. Qxa6 Qe3 42. Qa8+ Kg7 43. Qb8 Qc3 44. Kg1 Qc6 45. Qb4 Qd7 0-1

[Event "Ct. Catalunya Veterans"]
[Site "?"]
[Date "2011.05.21"]
[Round "9"]
[White "Sanz Bastos, F."]
[Black "Capelles Prat, R."]
[Result "1-0"]
[WhiteElo "2072"]
[BlackElo "1983"]
[PlyCount "125"]
[EventDate "2011.??.??"]
[EventType "swiss"]

1. e4 e6 2. d4 d5 3. e5 c5 4. c3 Nc6 5. Nf3 Qc7 6. Be3 cxd4 7. cxd4 Bb4+ 8. Nc3
Nge7 9. Bd3 h6 10. Rc1 Qa5 11. a3 Bxc3+ 12. Rxc3 Bd7 13. b4 Qd8 14. O-O Rc8 15.
Qb3 O-O 16. a4 a6 17. Rfc1 Qb6 18. b5 Na5 19. Qa3 Rxc3 20. Rxc3 Rc8 21. Rc5
axb5 22. axb5 Qd8 23. h3 b6 24. Rxc8 Nxc8 25. Bd2 Qc7 26. Bb4 Nc4 27. Qa6 Qa7
28. Bxc4 Qxa6 29. bxa6 dxc4 30. d5 exd5 31. Nd4 Na7 32. Bd6 Nc6 33. Nb5 Bc8 34.
a7 Bb7 35. Kf1 g5 36. Bb8 Kf8 37. Bd6+ Ke8 38. a8=Q+ Bxa8 39. Nc7+ Kd7 40. Nxa8
b5 41. Nc7 f6 42. Nxb5 fxe5 43. Bf8 h5 44. Bh6 g4 45. hxg4 hxg4 46. Ke1 d4 47.
Bg7 Ke6 48. Kd2 Kd5 49. f3 gxf3 50. gxf3 c3+ 51. Kc2 Nb4+ 52. Kb3 c2 53. Bh6
Kc5 54. Na3 Nd3 55. Nxc2 Kd5 56. Nb4+ Nxb4 57. Kxb4 Ke6 58. Kc4 Kd6 59. Kd3 Kd5
60. Bg7 Kd6 61. Ke4 Ke6 62. Bxe5 d3 63. Bc3 1-0

[Event "Ct. Catalunya Veterans"]
[Site "?"]
[Date "2011.05.21"]
[Round "9"]
[White "Simon Padros, E."]
[Black "Garriga Nualart, J."]
[Result "1/2-1/2"]
[WhiteElo "2281"]
[BlackElo "2329"]
[PlyCount "75"]
[EventDate "2011.??.??"]
[EventType "swiss"]

1. e4 e6 2. d4 d5 3. e5 c5 4. c3 Nc6 5. Nf3 Qb6 6. a3 Nh6 7. b4 cxd4 8. cxd4
Nf5 9. Be3 f6 10. exf6 gxf6 11. Nc3 Bd6 12. Bd3 Nce7 13. O-O Bd7 14. Na4 Bxa4
15. Qxa4+ Kf7 16. Rfe1 Rac8 17. Rad1 Bb8 18. Rc1 Rxc1 19. Bxc1 Nxd4 20. Nxd4
Qxd4 21. Qd7 Qb6 22. Bf5 e5 23. Bg4 h5 24. Bf3 e4 25. Bd1 Qd6 26. Qh3 h4 27.
Bb3 Kg7 28. Be3 b6 29. Rd1 Qe5 30. g3 hxg3 31. Qg4+ Kf7 32. hxg3 Qh5 33. Qxh5+
Rxh5 34. g4 Rh4 35. g5 fxg5 36. Bxd5+ Nxd5 37. Rxd5 Bf4 38. Rd7+ 1/2-1/2

[Event "Ct. Catalunya Veterans"]
[Site "?"]
[Date "2011.05.21"]
[Round "9"]
[White "Vilageliu Ceballos, JM."]
[Black "Coll Enriquez, L."]
[Result "1-0"]
[WhiteElo "2047"]
[BlackElo "2182"]
[PlyCount "63"]
[EventDate "2011.??.??"]
[EventType "swiss"]

1. c4 e5 2. Nc3 Nc6 3. Nf3 g6 4. g3 Bg7 5. Bg2 d6 6. O-O Be6 7. b3 e4 8. Ne1 f5
9. Bb2 Nh6 10. d3 e3 11. fxe3 Ng4 12. Nc2 Qg5 13. Kh1 Be5 14. Qe1 h5 15. h4 Qe7
16. d4 Nxe3 17. Nxe3 Bxd4 18. Ncd5 Qg7 19. Bxd4 Nxd4 20. Rd1 O-O-O 21. Nf4 Bd7
22. Nh3 Rhe8 23. Nd5 Nxe2 24. Qf2 Bc6 25. Rfe1 Bxd5 26. cxd5 Nc3 27. Qb2 Qf6
28. Re6 Rxe6 29. dxe6 Qe5 30. Rd3 Nb5 31. Qf2 c5 {irreproduible} 32. Ng5 1-0

[Event "Ct. Catalunya eq. DH"]
[Site "?"]
[Date "2011.01.29"]
[Round "1.1"]
[White "Alsina Leal, D."]
[Black "Narciso Dublan, M."]
[Result "1-0"]
[WhiteElo "2531"]
[BlackElo "2551"]
[PlyCount "163"]
[EventDate "2011.??.??"]
[EventType "team"]

1. e4 e6 2. d4 d5 3. Nd2 c5 4. exd5 exd5 5. Ngf3 Nc6 6. Bb5 cxd4 7. Nxd4 Bd7 8.
N2f3 Bd6 9. O-O Nge7 10. Re1 O-O 11. Bg5 Re8 12. c3 Qc7 13. h3 Nxd4 14. Nxd4
Nc6 15. Rxe8+ Rxe8 16. Nf3 a6 17. Ba4 h6 18. Be3 Rd8 19. Bc2 Bf4 20. Qd2 Bxe3
21. Qxe3 Be6 22. Re1 Rd6 23. Qd3 g6 24. Nd4 Nxd4 25. Qxd4 h5 26. Bb3 Qb6 27.
Qf4 a5 28. Rd1 Rd7 29. Rd4 Qc5 30. Qd2 Kg7 31. Bd1 b5 32. a3 Qc7 33. Be2 Qb8
34. Qg5 f6 35. Qe3 Bf7 36. h4 Rb7 37. Qd2 Qe5 38. Bf3 Rd7 39. g3 Qf5 40. Bg2
Qb1+ 41. Kh2 Qa2 42. Bf1 Rb7 43. Rf4 Rb6 44. Bg2 Rd6 45. Rd4 Qb1 46. Qe2 b4 47.
axb4 a4 48. b5 Re6 49. Qd2 a3 50. bxa3 Qxb5 51. Bf3 Re7 52. a4 Qa5 53. Rb4 Rc7
54. Qd4 Qc5 55. Qxc5 Rxc5 56. Rb5 Rxc3 57. Bxd5 Bxd5 58. Rxd5 Ra3 59. a5 Kf7
60. Rb5 Kg7 61. Kg2 Kf7 62. Kf1 Ra2 63. Ke1 Kg7 64. Kd1 Rxf2 65. Kc1 Rf3 66.
Kb2 Rxg3 67. a6 Rg2+ 68. Ka3 Rg1 69. Ra5 Ra1+ 70. Kb4 Rb1+ 71. Kc5 Rb8 72. a7
Ra8 73. Kb6 Kh6 74. Kb7 Re8 75. a8=Q Rxa8 76. Rxa8 g5 77. Kc6 gxh4 78. Kd5 Kg5
79. Ke4 Kg4 80. Rg8+ Kh3 81. Kf3 Kh2 82. Rh8 1-0

[Event "Ct. Catalunya eq. DH"]
[Site "?"]
[Date "2011.01.29"]
[Round "1.1"]
[White "Muñoz Pantoja, M."]
[Black "Hernando Rodrigo, JA."]
[Result "1-0"]
[WhiteElo "2533"]
[BlackElo "2386"]
[PlyCount "61"]
[EventDate "2011.??.??"]
[EventType "team"]

1. e4 e6 2. d4 d5 3. Nd2 c5 4. dxc5 Bxc5 5. Bd3 Ne7 6. Ngf3 Nbc6 7. O-O O-O 8.
e5 Ng6 9. Nb3 b6 10. Re1 Nb4 11. Bf1 f6 12. Nxc5 bxc5 13. c3 Nc6 14. exf6 Qxf6
15. Be3 c4 16. b3 Qxc3 17. bxc4 Qa5 18. cxd5 exd5 19. Rc1 Nce7 20. Bc5 Qd8 21.
Nd4 Rf6 22. g3 Bb7 23. Bh3 Bc8 24. Bg2 Kh8 25. h4 Ng8 26. Qh5 Bb7 27. Ne6 Qd7
28. Ng5 h6 29. Bd4 Nf8 30. Bxf6 Nxf6 31. Qf7 1-0

[Event "Ct. Catalunya eq. DH"]
[Site "?"]
[Date "2011.01.29"]
[Round "1.2"]
[White "Moreno Sanchis, A."]
[Black "Pomes Marcet, J."]
[Result "1/2-1/2"]
[WhiteElo "2372"]
[BlackElo "2422"]
[PlyCount "27"]
[EventDate "2011.??.??"]
[EventType "team"]

1. e4 e6 2. d4 d5 3. Nc3 Bb4 4. Nge2 dxe4 5. a3 Bxc3+ 6. Nxc3 Nc6 7. Bf4 Nf6 8.
Bb5 Bd7 9. Qd2 Ne7 10. O-O-O Ned5 11. Rhe1 Nxc3 12. Bxd7+ Qxd7 13. Qxc3 Nd5 14.
Qg3 1/2-1/2

[Event "Ct. Catalunya eq. DH"]
[Site "?"]
[Date "2011.01.29"]
[Round "1.2"]
[White "Oms Pallisse, J."]
[Black "Granados Gomez, M."]
[Result "0-1"]
[WhiteElo "2527"]
[BlackElo "2387"]
[PlyCount "126"]
[EventDate "2011.??.??"]
[EventType "team"]

1. c4 e6 2. Nc3 d5 3. d4 Be7 4. cxd5 exd5 5. Bf4 Nf6 6. e3 O-O 7. Bd3 c6 8. h3
Re8 9. Nf3 Nbd7 10. Qc2 Nf8 11. O-O-O Qa5 12. Kb1 Be6 13. Nd2 Rec8 14. Rc1 Qd8
15. Nb3 a5 16. Nc5 b6 17. Nxe6 fxe6 18. Qe2 Bd6 19. Bxd6 Qxd6 20. e4 Qb4 21. e5
N6d7 22. Rhd1 Qe7 23. f4 c5 24. Nb5 cxd4 25. Nxd4 Rxc1+ 26. Rxc1 Nc5 27. Qe3
Nfd7 28. Bb5 Rf8 29. g3 g6 30. b3 Rf7 31. Kb2 Nf8 32. h4 Qb7 33. h5 Qc7 34. Rh1
Rg7 35. a3 Rf7 36. Bd3 Rg7 37. Bc2 Nfd7 38. hxg6 hxg6 39. Qc3 Nf8 40. b4 axb4
41. axb4 Na6 42. Nc6 Qb7 43. Bd3 b5 44. Na5 Qb6 45. Bc2 Rc7 46. Qd2 d4 47. Bb1
d3 48. Nb3 Rc4 49. Qh2 Rxb4 50. Qh8+ Kf7 51. Rh7+ Nxh7 52. Qxh7+ Kf8 53. Qh8+
Ke7 54. Qf6+ Kd7 55. Qf7+ Kd8 56. Qf8+ Kc7 57. Bxd3 Qd4+ 58. Kc2 Rxb3 59. Qe7+
Kb8 60. Qe8+ Kb7 61. Qe7+ Nc7 62. Kxb3 Qxd3+ 63. Kb4 Qd4+ 0-1

[Event "Ct. Catalunya eq. DH"]
[Site "?"]
[Date "2011.01.29"]
[Round "1.3"]
[White "Raineri de Luca, P."]
[Black "Martin Gonzalez, A."]
[Result "0-1"]
[WhiteElo "2267"]
[BlackElo "2354"]
[PlyCount "66"]
[EventDate "2011.??.??"]
[EventType "team"]

1. d4 Nf6 2. c4 c5 3. d5 e6 4. Nc3 exd5 5. cxd5 d6 6. e4 g6 7. f4 Bg7 8. Bb5+
Nfd7 9. Nf3 a6 10. Bd3 b5 11. O-O O-O 12. Kh1 Nb6 13. f5 N8d7 14. Bg5 f6 15.
Bf4 Ne5 16. Bxe5 fxe5 17. fxg6 hxg6 18. Qe1 Bf6 19. Qg3 Kg7 20. Nh4 Bxh4 21.
Rxf8 Qxf8 22. Qxh4 Qf6 23. Qg3 Qf4 24. Qxf4 exf4 25. Rf1 Nd7 26. Rxf4 Ne5 27.
Be2 c4 28. h4 Bd7 29. a3 a5 30. g4 b4 31. axb4 axb4 32. Nd1 Ra2 33. Bf1 Ba4 0-1

[Event "Ct. Catalunya eq. DH"]
[Site "?"]
[Date "2011.01.29"]
[Round "1.3"]
[White "Vila Gazquez, X."]
[Black "Cornette, M."]
[Result "1/2-1/2"]
[WhiteElo "2489"]
[BlackElo "2540"]
[PlyCount "38"]
[EventDate "2011.??.??"]
[EventType "team"]

1. d4 Nf6 2. c4 e6 3. Nc3 Bb4 4. Qc2 d5 5. a3 Bxc3+ 6. Qxc3 O-O 7. Nf3 dxc4 8.
Qxc4 b6 9. Bg5 Bb7 10. Rc1 c5 11. dxc5 h6 12. Bxf6 Qxf6 13. Qd4 Qxd4 14. Nxd4
Rc8 15. f3 Rxc5 16. Rxc5 bxc5 17. Nb3 Nd7 18. Kd1 Rb8 19. Kc2 Bc6 1/2-1/2

[Event "Ct. Catalunya eq. DH"]
[Site "?"]
[Date "2011.01.29"]
[Round "1.4"]
[White "Lariño Nieto, D."]
[Black "Fluvia Poyatos, Joan"]
[Result "1-0"]
[WhiteElo "2466"]
[BlackElo "2472"]
[PlyCount "66"]
[EventDate "2011.??.??"]
[EventType "team"]

1. e4 c5 2. Nc3 Nc6 3. g3 g6 4. Bg2 Bg7 5. d3 d6 6. f4 Nf6 7. h3 O-O 8. Nf3 Rb8
9. O-O b5 10. g4 b4 11. Ne2 Nd7 12. f5 Nde5 13. Nxe5 Bxe5 14. c3 bxc3 15. bxc3
Ba6 16. Bh6 Rb2 17. Nf4 Bg7 18. Bxg7 Kxg7 19. g5 Qa5 20. f6+ Kg8 21. Qe1 exf6
22. gxf6 h6 23. Qc1 Rb7 24. Nd5 Kh7 25. Rf4 g5 26. Rf5 Ne5 27. h4 Bxd3 28. Qe3
c4 29. hxg5 h5 30. Qh3 Be2 31. Rxe5 Bg4 32. g6+ fxg6 33. Re7+ Kh8 1-0

[Event "Ct. Catalunya eq. DH"]
[Site "?"]
[Date "2011.01.29"]
[Round "1.4"]
[White "Minguez Rodriguez, R."]
[Black "Simon Padros, E."]
[Result "1/2-1/2"]
[WhiteElo "2305"]
[BlackElo "2299"]
[PlyCount "44"]
[EventDate "2011.??.??"]
[EventType "team"]

1. e4 e6 2. d4 d5 3. Nc3 Bb4 4. e5 c5 5. Bd2 Ne7 6. Nb5 Bxd2+ 7. Qxd2 O-O 8.
dxc5 Nd7 9. Qc3 g6 10. Nd6 Qc7 11. f4 Qxc5 12. Qxc5 Nxc5 13. O-O-O b5 14. Nf3
Nb7 15. Nxb7 Bxb7 16. Nd4 Rac8 17. Bd3 Nc6 18. Nxc6 Bxc6 19. Rhe1 Rce8 20. Kd2
f6 21. Rf1 f5 22. g3 Rd8 1/2-1/2

[Event "Ct. Catalunya eq. DH"]
[Site "?"]
[Date "2011.01.29"]
[Round "1.4"]
[White "Oms Fuentes, L."]
[Black "Escandell Mari, JC."]
[Result "0-1"]
[WhiteElo "2340"]
[BlackElo "2286"]
[PlyCount "127"]
[EventDate "2011.??.??"]
[EventType "team"]

1. e4 d5 2. exd5 Qxd5 3. Nf3 Bg4 4. Be2 Nf6 5. d4 c6 6. O-O e6 7. c4 Qa5 8. Qb3
Qb6 9. Nc3 Nbd7 10. Bf4 Be7 11. h3 Bh5 12. c5 Qxb3 13. axb3 O-O 14. b4 a6 15.
g4 Bg6 16. Nd2 Rfe8 17. Rfe1 Nd5 18. Nxd5 exd5 19. Nb3 Nf8 20. Na5 Ne6 21. Be3
Rab8 22. Bxa6 bxa6 23. Nxc6 Rb7 24. Rxa6 Bd3 25. Ra5 h6 26. Rd1 Be2 27. Re1 Bd3
28. Bd2 Bf6 29. Bc3 Rc8 30. Ne5 Bb5 31. Rea1 Bxe5 32. dxe5 d4 33. Bd2 g5 34.
Ra7 Rcb8 35. Rxb7 Rxb7 36. Kg2 Kg7 37. Kg3 f6 38. exf6+ Kxf6 39. Ra8 Bc6 40.
Ra6 Bb5 41. Rd6 Ke5 42. h4 Bc4 43. hxg5 hxg5 44. f3 Bd5 45. Ra6 Rf7 46. Ra3 Bc6
47. Rb3 Bb5 48. Ra3 Bc6 49. Rb3 Kd5 50. b5 Nxc5 51. Ra3 Bxb5 52. Bxg5 Nd3 53.
Ra5 Kc6 54. Ra8 Nxb2 55. Rc8+ Kd5 56. f4 Nc4 57. f5 d3 58. Rd8+ Ke4 59. Rb8 Bd7
60. Rb5 Kd4 61. Rb3 Ke4 62. Rb1 d2 63. Rd1 Ba4 64. Bh6 0-1

[Event "Ct. Catalunya eq. DH"]
[Site "?"]
[Date "2011.01.29"]
[Round "1.6"]
[White "Ayza Ballester, J."]
[Black "Fernandez Cazorla, A."]
[Result "0-1"]
[WhiteElo "2213"]
[BlackElo "2222"]
[PlyCount "50"]
[EventDate "2011.??.??"]
[EventType "team"]

1. e4 d6 2. d4 Nf6 3. Bd3 e5 4. Nf3 Bg4 5. dxe5 dxe5 6. h3 Bh5 7. O-O Nbd7 8.
Qe2 Bc5 9. Nbd2 Qe7 10. a4 h6 11. a5 g5 12. Nc4 g4 13. hxg4 Nxg4 14. Ne3 Nxe3
15. Bxe3 Qf6 16. a6 b6 17. Bxc5 Nxc5 18. Qe3 Rg8 19. Ne1 O-O-O 20. Be2 Bxe2 21.
Qxe2 Ne6 22. Rd1 Nf4 23. Rxd8+ Qxd8 24. Qe3 Qh4 25. g3 Qh3 0-1

[Event "Ct. Catalunya eq. DH"]
[Site "?"]
[Date "2011.01.29"]
[Round "1.6"]
[White "Tebar Moreno, JC."]
[Black "Duran Albareda, X."]
[Result "1-0"]
[WhiteElo "2271"]
[BlackElo "2320"]
[PlyCount "97"]
[EventDate "2011.??.??"]
[EventType "team"]

1. d4 Nf6 2. Nf3 g6 3. g3 Bg7 4. Bg2 O-O 5. O-O d6 6. c4 Nc6 7. Nc3 e5 8. dxe5
Nxe5 9. Nxe5 dxe5 10. Qxd8 Rxd8 11. Bg5 Rd4 12. Rfd1 c6 13. Be3 Rxd1+ 14. Rxd1
Be6 15. b3 Ng4 16. Bc5 Nf6 17. Be3 Bf8 18. h3 Kg7 19. g4 h6 20. Bc1 Be7 21. Bb2
Rd8 22. Rxd8 Bxd8 23. Ba3 Ba5 24. Bb2 Bb4 25. e3 Nd7 26. Ne4 f6 27. f4 Kf7 28.
Kf2 b5 29. a3 Be7 30. Nd2 Nc5 31. Ke2 Nxb3 32. cxb5 Nxd2 33. Kxd2 cxb5 34. Bc6
exf4 35. exf4 Bc4 36. Ke3 Ke6 37. h4 Bc5+ 38. Ke4 f5+ 39. Kf3 Bd5+ 40. Bxd5+
Kxd5 41. h5 fxg4+ 42. Kxg4 gxh5+ 43. Kxh5 Ke4 44. Kxh6 Kxf4 45. Kg6 Ke4 46. Kf7
Kd5 47. Ke8 Kc6 48. Kd8 a5 49. Kc8 $138 1-0

[Event "Ct. Catalunya eq. DH"]
[Site "?"]
[Date "2011.01.29"]
[Round "1.6"]
[White "Vehi Bach, VM."]
[Black "De la Riva Aguado, J."]
[Result "1/2-1/2"]
[WhiteElo "2408"]
[BlackElo "2289"]
[PlyCount "50"]
[EventDate "2011.??.??"]
[EventType "team"]

1. e4 c6 2. d4 d5 3. e5 Bf5 4. Nf3 e6 5. a3 c5 6. c4 dxc4 7. Bxc4 Nc6 8. Be3
cxd4 9. Nxd4 Nxd4 10. Bxd4 a6 11. O-O Ne7 12. f4 Nc6 13. Be3 Qc7 14. Nd2 Be7
15. Rc1 O-O 16. g4 Bg6 17. Qf3 Rac8 18. Qf2 b5 19. Be2 f6 20. Bf3 Qd7 21. exf6
Bxf6 22. Ne4 Na5 23. Nxf6+ gxf6 24. Rxc8 Rxc8 25. Bd4 Rc2 1/2-1/2

[Event "Ct. Catalunya eq. DH"]
[Site "?"]
[Date "2011.01.29"]
[Round "1.7"]
[White "Armengol Comas, J."]
[Black "Garzon Sanchez, JM."]
[Result "1-0"]
[WhiteElo "2297"]
[BlackElo "2255"]
[PlyCount "91"]
[EventDate "2011.??.??"]
[EventType "team"]

1. e4 e6 2. d3 c5 3. Nf3 Nc6 4. g3 g6 5. Bg5 Qb6 6. Nbd2 d6 7. Nc4 Qc7 8. d4
cxd4 9. Nxd4 a6 10. Nxc6 Qxc6 11. Qd4 f6 12. Be3 e5 13. Qd3 Be6 14. Nb6 Rd8 15.
Nd5 Bxd5 16. exd5 Qd7 17. h4 Bg7 18. h5 f5 19. hxg6 hxg6 20. Rxh8 Bxh8 21.
O-O-O Rc8 22. Qb3 Nf6 23. f3 Bg7 24. Be2 Kf7 25. Rh1 b5 26. Kb1 Qb7 27. c4 Rb8
28. Rc1 e4 29. cxb5 exf3 30. Bxf3 Qxb5 31. Rc7+ Kf8 32. Qxb5 Rxb5 33. Bd4 Ne8
34. Bxg7+ Nxg7 35. Rc6 Ke7 36. Rxa6 Rc5 37. Rc6 g5 38. g4 fxg4 39. Rxc5 gxf3
40. Rc1 g4 41. Kc2 g3 42. Kd3 Nf5 43. Ke4 f2 44. Kf3 Nd4+ 45. Kg2 Ne2 46. Rc4
1-0

[Event "Ct. Catalunya eq. DH"]
[Site "?"]
[Date "2011.01.29"]
[Round "1.7"]
[White "Guasch Sariol, J."]
[Black "Ayza Leon, D."]
[Result "1/2-1/2"]
[WhiteElo "2119"]
[BlackElo "2189"]
[PlyCount "134"]
[EventDate "2011.??.??"]
[EventType "team"]

1. d4 Nf6 2. c4 g6 3. Nc3 Bg7 4. e4 d6 5. Be2 O-O 6. Bg5 c5 7. d5 e6 8. Nf3
exd5 9. exd5 h6 10. Bd2 Kh7 11. h3 Nbd7 12. O-O Ng8 13. Qc2 Ne5 14. Nxe5 dxe5
15. Be3 b6 16. a3 f5 17. f4 e4 18. Rad1 a5 19. Rd2 Ba6 20. Rb1 Qd6 21. Na2 Nf6
22. b4 axb4 23. axb4 Nd7 24. Kh1 Bf6 25. Rdd1 g5 26. fxg5 hxg5 27. Rf1 Qe5 28.
Bc1 Bc8 29. bxc5 bxc5 30. Rb3 Be7 31. Qb2 Qd6 32. Nc3 Ba6 33. Nb5 Bxb5 34. Rxb5
Bd8 35. Rb7 Bc7 36. Rxc7 Qxc7 37. Bxg5 Qg3 38. Bf4 Qg7 39. Qb7 Ra1 40. Rxa1
Qxa1+ 41. Kh2 Qg7 42. Bd1 Rg8 43. g3 Rf8 44. h4 Rf6 45. Bg5 Rb6 46. Qc8 Rb8 47.
Qc6 Rb2+ 48. Kh3 Ne5 49. Qe6 Rf2 50. Bf4 Qg4+ 51. Bxg4 fxg4+ 52. Qxg4 Nxg4 53.
Kxg4 Rc2 54. Be3 Kg6 55. h5+ Kf6 56. Bxc5 Rxc4 57. Be3 Ke5 58. h6 Kxd5 59. Kf5
Rc2 60. g4 Rh2 61. g5 Rh3 62. Bf4 e3 63. Bxe3 Rxe3 64. h7 Rh3 65. Kg6 Ke6 66.
Kg7 Kf5 67. g6 Rh2 1/2-1/2

[Event "Ct. Catalunya eq. DH"]
[Site "?"]
[Date "2011.01.29"]
[Round "1.8"]
[White "Monclus Domingo, A."]
[Black "Shatko, D."]
[Result "1-0"]
[WhiteElo "2200"]
[BlackElo "2049"]
[PlyCount "85"]
[EventDate "2011.??.??"]
[EventType "team"]

1. e4 e6 2. d3 d5 3. Nd2 Nf6 4. Ngf3 b6 5. g3 Bb7 6. e5 Nfd7 7. Bg2 c5 8. O-O
Nc6 9. Re1 Qc7 10. Qe2 h6 11. h4 Be7 12. Nf1 O-O-O 13. c4 dxc4 14. dxc4 Rdg8
15. g4 Nd4 16. Nxd4 cxd4 17. h5 g6 18. Ng3 gxh5 19. gxh5 Bh4 20. Bf4 Bxg3 21.
fxg3 Bxg2 22. Qxg2 Rg4 23. Rad1 Rhg8 24. Re4 d3 25. b4 Rxf4 26. Rxf4 Qxe5 27.
Rxd3 Qxf4 28. gxf4 Rxg2+ 29. Kxg2 Nf6 30. Rh3 a5 31. a3 axb4 32. axb4 Ne4 33.
Rh1 Kc7 34. Rd1 Nf6 35. Kf3 Nxh5 36. Rh1 Ng7 37. Rxh6 Nf5 38. Rh7 Nd6 39. c5
bxc5 40. bxc5 Nf5 41. Rxf7+ Kc6 42. Ke4 Kxc5 43. Rxf5+ 1-0